00692nam a22002177a 450000500170000001000130001702000220003003500130005203700160006504000120008108200150009310000190010824501230012726000390025027000560028930000190034565000300036465000420039470000200043670000180045620170124110132.0 aB-063998 c00.00a0333934660 aB-063998 bCen Lib/Ret aDPLbEN a650.1bGUI aGuid, Anthony  aIce :cby Anthony Guid, Kirk Atkinson [and] Mike Larkin brevitalize your company with internal consulting expertise / aNew Delhi bMacmillan India c2000 bNew Delhi a2/10, Ansari Road, Dariya Ganj e110002 a134p.c21m(Hb) aManaging Human resources  aOptimizing information technology z  aAtkinson, Kirk  aLarkin, Mike